00782nam a2200217 a 4500001000800000005001700008008004100025020001500066050002100081082003000102100002700132245008300159250001200242260004700254300003000301440003100331500012000362500002000482650003300502700002900535105572020250128175531.0900921r1991 nyu 001 0 eng  a088277859500aKF914b.S38 199100a346.73/072a347.306722201 aSchwartz, Alan,d1940-10aSales law and the contracting process /cby Alan Schwartz and Robert E. Scott. a2nd ed. aWestbury, N.Y. :bFoundation Press,c1991. axlix, 544, 6 p. ;c27 cm. 0aUniversity casebook series a"Reprinted from Schwartz and Scott's commercial transactions, principles and policies, second edition"--T.p. verso. aIncludes index. 0aSaleszUnited StatesxCases.1 aScott, Robert E.,d1944-